Segundo Congreso Nacional de Educación en Kinesiología: formación de Kinesiólogos para la realidad de la sociedad chilena
সংরক্ষণ করুন:
| সংস্থা লেখক: | , |
|---|---|
| বিন্যাস: | গ্রন্থ |
| ভাষা: | স্প্যানিশ |
| প্রকাশিত: |
Valparaíso
Pontificia Universidad Católica de Valparaíso
2004
Valparaíso Universidad de Playa Ancha 2004 |
| বিষয়গুলি: | |
| ট্যাগগুলো: |
ট্যাগ যুক্ত করুন
কোনো ট্যাগ নেই, প্রথমজন হিসাবে ট্যাগ করুন!
|
MARC
| LEADER | 00000nam a2200000 a 4500 | ||
|---|---|---|---|
| 001 | UCK4528 | ||
| 003 | CL-VaPUC | ||
| 005 | 20210330001405.0 | ||
| 008 | 050610e20040000cl 1 spa d | ||
| 044 | |a cl |2 marc | ||
| 044 | |a cl |2 marc | ||
| 082 | 0 | 4 | |a 612.06 |b PON |2 21 |
| 110 | 2 | |a Pontificia Universidad Católica de Valparaíso |e author |9 620732 | |
| 710 | 2 | |a Universidad de Playa Ancha |e author |9 620733 | |
| 245 | 1 | 0 | |a Segundo Congreso Nacional de Educación en Kinesiología: formación de Kinesiólogos para la realidad de la sociedad chilena |
| 260 | |a Valparaíso |b Pontificia Universidad Católica de Valparaíso |c 2004 | ||
| 260 | |a Valparaíso |b Universidad de Playa Ancha |c 2004 | ||
| 300 | |a pág. irreg | ||
| 583 | |a last modification |c 20190823 10:50:53 |k Rodrigo Vera | ||
| 650 | 0 | 7 | |a KINESIOLOGIA |2 CL-VaPUC |9 269681 |
| 650 | 0 | 0 | |a Formación profesional |9 257232 |
| 650 | 0 | 7 | |a CONGRESOS, CONFERENCIAS, ETC |2 CL-VaPUC |9 255444 |
| 651 | 7 | |a CHILE |2 CL-VaPUC |9 620734 | |
| 942 | |c BK | ||
| 945 | |a cmena |d 20050610 00:00:00 | ||
| 546 | |a En Español | ||
| 536 | |a Pontificia Universidad Católica de Valparaíso | ||
| 536 | |a Universidad de Playa Ancha | ||
| 518 | |p Congreso Nacional de Educación en Kinesiología, 2, Chile, 20 al 22 de octubre 2004 | ||
| 999 | |c 384134 |d 384132 | ||